000
00233nam a22000977a 4500
999
_c
530111
_d
530111
082
_a
813.6
_b
HOS
100
_a
Hosseini, Khaled.
245
_a
The Kite Runner
942
_2
ddc
_c
BK